[Event "MVP-ch Seniors op 19th"]
[Site "Ostseebad Binz"]
[Date "2019.11.29"]
[Round "3"]
[White "Tuchscheerer, Hartwig"]
[Black "Schreiner, Juergen"]
[Result "0-1"]
[WhiteElo "1668"]
[BlackElo "1546"]
[PlyCount "86"]
[EventDate "2019.11.27"]
[EventType "swiss"]
[EventRounds "9"]
[EventCountry "GER"]
[SourceTitle "EXT 2021"]
[Source "ChessBase"]
[SourceDate "2020.10.23"]
[SourceVersion "1"]
[SourceVersionDate "2020.10.23"]
[SourceQuality "1"]

1. e4 e6 2. d4 d5 3. e5 c5 4. c3 Nc6 5. Nf3 Qb6 6. Qd3 Nge7 7. Qb5 Qa5 8. Qxa5 Nxa5 9. dxc5 Nac6 10. Bb5 Ng6 11. b4 a5 12. Nd4 Bd7 13. Bxc6 bxc6 14. f4 Be7 15. 0-0 0-0 16. Be3 axb4 17. cxb4 Rfb8 18. Bd2 f6 19. a3 fxe5 20. fxe5 Nxe5 21. Bf4 Bf6 22. Rd1 Rxb4 23. Ra2 Rba4 24. g3 Ng4 25. Ne2 e5 26. Bd2 Rc4 27. Bb4 Bf5 28. Rb2 e4 29. Bc3 Bxc3 30. Nbxc3 Rxa3 31. Rdb1 Ra8 32. Rb8+ Rxb8 33. Rxb8+ Kf7 34. Rb7+ Kf8 35. h3 Nf6 36. g4 Bg6 37. g5 Nh5 38. Rb8+ Be8 39. Kf2 Rxc5 40. Ke3 Rc4 41. Kd2 Ke7 42. Ra8 Rb4 43. Nd4 Rxd4+ 0-1

[Event "MVP-ch Seniors op 18th"]
[Site "Ostseebad Binz"]
[Date "2018.12.05"]
[Round "8"]
[White "Tuchscheerer, Hartwig"]
[Black "Liphardt, Bodo"]
[Result "0-1"]
[WhiteElo "1481"]
[BlackElo "1883"]
[PlyCount "64"]
[EventDate "2018.11.28"]
[EventType "swiss"]
[EventRounds "9"]
[EventCountry "GER"]
[SourceTitle "CBM 188 Extra"]
[Source "ChessBase"]
[SourceDate "2019.02.26"]
[SourceVersion "1"]
[SourceVersionDate "2019.02.26"]
[SourceQuality "1"]

1. e4 e5 2. Bc4 Nf6 3. d3 Bc5 4. Bg5 d6 5. h3 h6 6. Bh4 Nbd7 7. Nc3 c6 8. Nge2 Nf8 9. Qd2 Ng6 10. Bg3 b5 11. Bb3 a5 12. a3 Qe7 13. 0-0 Be6 14. Kh1 Bxb3 15. cxb3 0-0 16. f4 Nh5 17. Bh2 Nhxf4 18. Bxf4 Nxf4 19. Nxf4 exf4 20. d4 b4 21. dxc5 bxc3 22. Qxc3 dxc5 23. Rxf4 Rfd8 24. Raf1 f6 25. e5 Qxe5 26. Qxe5 fxe5 27. Rc4 Rd5 28. Rfc1 Re8 29. Rxc5 e4 30. Rxd5 cxd5 31. Kg1 d4 32. Rd1 e3 0-1

[Event "MVP-ch Seniors op 18th"]
[Site "Ostseebad Binz"]
[Date "2018.12.04"]
[Round "7"]
[White "Perk, Egbert"]
[Black "Tuchscheerer, Hartwig"]
[Result "0-1"]
[WhiteElo "1787"]
[BlackElo "1481"]
[PlyCount "94"]
[EventDate "2018.11.28"]
[EventType "swiss"]
[EventRounds "9"]
[EventCountry "GER"]
[SourceTitle "CBM 188 Extra"]
[Source "ChessBase"]
[SourceDate "2019.02.26"]
[SourceVersion "1"]
[SourceVersionDate "2019.02.26"]
[SourceQuality "1"]

1. Nf3 b6 2. d4 Bb7 3. Nbd2 e6 4. c4 Nf6 5. Qc2 Bb4 6. a3 Bxd2+ 7. Nxd2 d6 8. e4 Qe7 9. f3 h6 10. Be2 Nc6 11. Nb3 a5 12. d5 Ne5 13. 0-0 Ned7 14. Be3 Rc8 15. Qd2 Ba6 16. Rac1 e5 17. Bd3 Rb8 18. Qe2 a4 19. Nd2 Nc5 20. Rf2 Nfd7 21. Rc3 Nxd3 22. Qxd3 Nc5 23. Qc2 Bc8 24. Bxc5 bxc5 25. Qxa4+ Bd7 26. Qc2 0-0 27. Nf1 f5 28. Re3 f4 29. Ree2 h5 30. Nd2 g5 31. Nb1 Kh7 32. Nc3 Rg8 33. Kh1 g4 34. Qd3 g3 35. Rf1 gxh2 36. Kxh2 Qh4+ 37. Kg1 Rg3 38. Qd2 Rbg8 39. Qd1 Qg5 40. Rff2 h4 41. Kf1 h3 42. Rd2 hxg2+ 43. Kg1 Qh4 44. Rfe2 Qh1+ 45. Kf2 Qxd1 46. Rxd1 g1Q+ 47. Rxg1 Rxg1 0-1

[Event "MVP-ch Seniors op 18th"]
[Site "Ostseebad Binz"]
[Date "2018.11.30"]
[Round "3"]
[White "Graffenberger, Wilhelm"]
[Black "Tuchscheerer, Hartwig"]
[Result "0-1"]
[WhiteElo "1594"]
[BlackElo "1481"]
[PlyCount "27"]
[EventDate "2018.11.28"]
[EventType "swiss"]
[EventRounds "9"]
[EventCountry "GER"]
[SourceTitle "CBM 188 Extra"]
[Source "ChessBase"]
[SourceDate "2019.02.26"]
[SourceVersion "1"]
[SourceVersionDate "2019.02.26"]
[SourceQuality "1"]

1. d4 d5 2. Nf3 Nf6 3. Bg5 e6 4. e3 Be7 5. Bd3 h6 6. Bh4 Nbd7 7. 0-0 a6 8. Nbd2 c5 9. c3 c4 10. Bb1 Nh7 11. Bxe7 Qxe7 12. Bxh7 Rxh7 13. Qc2 Rh8 14. e4 0-1